000 00579nam a2200229Ia 4500
003 OSt
005 20221007115735.0
006 a|||||r|||| 00| 0
007 ta
008 221006b |||||||| |||| 00| 0 eng d
024 _a38,023
037 _cTextual
040 _aLCO
_cLCO
_beng
041 _2eng
_aeng
082 _aZ2,2674, Q8
100 _aNETANEL Neil Weinstock
245 0 _aCopyright
_b What Everyone Needs to Know
260 _c2018
300 _a228
942 _hZ2,2674, Q8
_cTEXL
999 _c1207586
_d1207586